Philosophie, romans et contes, théâtre, critique d'art, les salons, correspondance / (Record no. 196436)

MARC details
000 -LEADER
campo de control de longitud fija 01323nam a2200337 i 4500
001 - NÚMERO DE CONTROL
campo de control 196436
003 - IDENTIFICADOR DE NÚMERO DE CONTROL
campo de control ES-MaACL
005 - FECHA Y HORA DE LA ÚLTIMA TRANSACCIÓN
campo de control 20250813014540.0
007 - CAMPO FIJO DE DESCRIPCIÓN FÍSICA--INFORMACIÓN GENERAL
campo de control de longitud fija ta
008 - DATOS DE LONGITUD FIJA--INFORMACIÓN GENERAL
campo de control de longitud fija 2409 q1910 fr 001 0 fre c
035 ## - NÚMERO DE CONTROL DEL SISTEMA
Número de control de sistema Rebiun00615976
040 ## - FUENTE DE CATALOGACIÓN
Centro catalogador/agencia de origen SpMaUCFL
Lengua de catalogación spa
Centro/agencia transcriptor ES-MaACL
Centro/agencia modificador ES-MaACL
080 ## - NÚMERO DE LA CLASIFICACIÓN DECIMAL UNIVERSAL
Número de la Clasificación Decimal Universal 821.133.1Diderot, Denis1.07
100 1# - ENTRADA PRINCIPAL--NOMBRE DE PERSONA
Nombre de persona Diderot, Denis,
Fechas asociadas al nombre 1713-1784
Término indicativo de función/relación Autor
9 (RLIN) 44511
245 10 - MENCIÓN DEL TÍTULO
Título Philosophie, romans et contes, théâtre, critique d'art, les salons, correspondance /
Mención de responsabilidad, etc. Denis Diderot ; biographie, bibliographie et notes par Charles Simond
260 ## - PUBLICACIÓN, DISTRIBUCIÓN, ETC.
Lugar de publicación, distribución, etc. Paris :
Nombre del editor, distribuidor, etc. Louis Michaud,
Fecha de publicación, distribución, etc. [1910]
300 ## - DESCRIPCIÓN FÍSICA
Extensión XIII, 142 páginas ;
Dimensiones 18 cm
336 ## - TIPO DE CONTENIDO
Fuente rdacontent
Término de tipo de contenido texto
337 ## - TIPO DE MEDIO
Fuente rdamedia
Nombre/término del tipo de medio sin mediación
338 ## - TIPO DE SOPORTE
Fuente rdacarrier
Nombre/término del tipo de soporte volumen
490 1# - MENCIÓN DE SERIE
Mención de serie Les prosateurs illustres français et étrangers ;
Designación de volumen o secuencia 6
600 14 - PUNTO DE ACCESO ADICIONAL DE MATERIA--NOMBRE DE PERSONA
Nombre de persona Diderot, Denis,
Fechas asociadas al nombre 1713-1784
9 (RLIN) 44511
700 1# - ENTRADA AGREGADA--NOMBRE PERSONAL
9 (RLIN) 106558
Nombre de persona Simonds, Charles
Término indicativo de función/relación Editor literario
830 ## - PUNTO DE ACCESO ADICIONAL DE SERIE-TÍTULO UNIFORME
Título uniforme Les prosateurs illustres français et étrangers
9 (RLIN) 239120
852 ## - LOCALIZACIÓN
Ubicación ES-MaACL
Ubicación en estantería Depósito 1
Donativo/Legado Donación: José Manuel Duarte Cendán
itemnumber 204135
Número de control de estantería A-15364
903 ## - NOMBRE PERSONAL DE DONANTE
9 238529
a Duarte Cendán, José Manuel
q 1
e Donante
942 ## - ELEMENTOS DE ENTRADA SECUNDARIOS (KOHA)
Suprimir en OPAC No
Tipo de ítem Koha Libro impreso
Holdings
Estatus retirado Estado de pérdida Fuente del sistema de clasificación o colocación Estado de daño No para préstamo Biblioteca de origen Biblioteca actual Ubicación en estantería Fecha de adquisición Fuente de adquisición Total de préstamos Signatura topográfica completa Código de barras Visto por última vez Precio de reemplazo Tipo de ítem Koha
    Clasificación decimal universal     Biblioteca del Ateneo de Madrid Biblioteca del Ateneo de Madrid Depósito 1 27/09/2024 Donación   A-15364 101228958 27/09/2024 27/09/2024 Libro impreso